000 00458nam a2200193Ia 4500
003 OSt
005 20250813105412.0
008 250729s2005 xx 000 0 und d
020 _a9788170999843
040 _cAL
041 _aeng
082 _a371.333 VENN
100 _aKaur Nirmal
_9221230
245 _aHistory of education
260 _aNew Delhi
_bAnnual Publication
_c2005
300 _a257p
650 _aEducation
_9221231
942 _2ddc
_cBED
999 _c234915
_d234915